|
|
|
|
| LEADER |
00000nam0a2200000 4500 |
| 001 |
120260 |
| 005 |
20231101215609.0 |
| 020 |
|
|
|a RU
|b 81-80074
|
| 035 |
|
|
|a (RuTPU)RU\TPU\book\130208
|
| 090 |
|
|
|a 120260
|
| 100 |
|
|
|a 20070823d1982 e y0rusy5003 ca
|
| 101 |
0 |
|
|a rus
|
| 102 |
|
|
|a BY
|
| 105 |
|
|
|a a z 000ab
|
| 200 |
1 |
|
|a Андрей Кожухов
|e роман
|f С. М. Степняк-Кравчинский
|g под ред. П. А. Крапоткина; худож. С. П. Приваго
|
| 210 |
|
|
|a Минск
|c Юнацтва
|d 1982
|
| 215 |
|
|
|a 286 с.
|c ил.
|
| 225 |
1 |
|
|a Библиотека юношества
|
| 600 |
|
1 |
|a Степняк-Кравчинский
|b С. М.
|c настоящая фамилия Кравчинский
|c русский писатель
|f 1851-1895
|g Сергей Михайлович
|c народник
|2 stltpush
|3 (RuTPU)RU\TPU\pers\15832
|
| 606 |
1 |
|
|a Русская литература, дореволюционная
|2 stltpush
|3 (RuTPU)RU\TPU\subj\26371
|9 50314
|
| 610 |
1 |
|
|a художественная литература
|
| 610 |
1 |
|
|a романы
|
| 610 |
1 |
|
|a проза
|
| 610 |
1 |
|
|a революционеры
|
| 610 |
1 |
|
|a народники
|
| 675 |
|
|
|a Р1
|v 3
|
| 700 |
|
1 |
|a Степняк-Кравчинский
|b С. М.
|c настоящая фамилия Кравчинский
|c русский писатель
|c народник
|f 1851-1895
|g Сергей Михайлович
|2 stltpush
|3 (RuTPU)RU\TPU\pers\15832
|9 5521
|
| 702 |
|
1 |
|a Крапоткин
|b П. А.
|4 340
|
| 702 |
|
1 |
|a Приваго
|b С. П.
|4 440
|
| 801 |
|
0 |
|a RU
|b RuMRKP
|c 19950704
|g psbo
|
| 801 |
|
1 |
|a RU
|b 63413507
|c 20070823
|g PSBO
|
| 801 |
|
2 |
|a RU
|b 63413507
|c 20221006
|g PSBO
|
| 942 |
|
|
|c BK
|